Directions to an inclusive environment (Record no. 71297)

MARC details
000 -LEADER
fixed length control field 01019cam a2200205 4500
001 - CONTROL NUMBER
control field WB3836-03
008 - FIXED-LENGTH DATA ELEMENTS--GENERAL INFORMATION
fixed length control field 021003n2002 000 0 eng u
035 ## - SYSTEM CONTROL NUMBER
System control number (Sirsi) u119984
245 ## - TITLE STATEMENT
Title Directions to an inclusive environment
260 ## - PUBLICATION, DISTRIBUTION, ETC.
Date of publication, distribution, etc. 2002
490 ## - SERIES STATEMENT
Series statement DPTAC News Release
Volume/sequential designation 1 October 2002, (1)
520 ## - SUMMARY, ETC.
Summary, etc. Disabled Persons Transport Advisory Committee (DPTAC) has launched a comprehensive ♯knowledge mapα of access guidance. The Research Group for Inclusive Environments working for the DPTAC carried out this major project gathering over 400 sources of information on access issues and reviewing the scope and relevance of each one. The knowledge map is available for free on the DPTAC website: http://212.20.228.135/search_e.asp
590 ## - LOCAL NOTE (RLIN)
Local note WB
650 ## - SUBJECT ADDED ENTRY--TOPICAL TERM
Topical term or geographic name entry element MANAGEMENT-BUSINESS MANAGEMENT-DISCRIMINATION-DISABILITY DISCRIMINATION-ACCESSIBILITY
650 ## - SUBJECT ADDED ENTRY--TOPICAL TERM
Topical term or geographic name entry element DISABLED PEOPLE
650 ## - SUBJECT ADDED ENTRY--TOPICAL TERM
Topical term or geographic name entry element GUIDANCE
690 ## - LOCAL SUBJECT ADDED ENTRY--TOPICAL TERM (OCLC, RLIN)
Topical term or geographic name as entry element BUILT ENVIRONMENT
856 ## - ELECTRONIC LOCATION AND ACCESS
Host name http://www.rdg.ac.uk/ie/news.html
942 ## - ADDED ENTRY ELEMENTS (KOHA)
Suppress in OPAC 0
Holdings
Withdrawn status Lost status Source of classification or shelving scheme Damaged status Not for loan Home library Current library Shelving location Date acquired Total Checkouts Full call number Barcode Date last seen Copy number Price effective from Koha item type
    Dewey Decimal Classification     London London News article 03/10/2002   WB3836-03 119984-1001 06/08/2019 1 06/08/2019 News article